000
00263nam a2200109Ia 4500
008
220204s9999 xx 000 0 und d
082
_a
035
_b
PET
100
_a
Peters, B Gugy
245
0
_a
Politics of bureaucracy
260
_a
New York
_b
Longman
_c
1978
942
_c
BK
999
_c
29152
_d
29152